00698nam a22001697a 4500003000400000005001700004008004100021020001800062040002900080050002500109100007400134245009300208260003700301300003100338650005000369650010900419OSt20240712130734.0240117b |||||||| |||| 00| 0 eng d a9783110754421 cChuka university Library aTR 820.5b.P 46 2022 aSvetlana G. Sergei Abashin, Bruno De Cordier & Tatiana Saburova (Ed.) aPhotographiing central AsiabFrom the periphery of the Russian empire to global presence aBerlin, BostonbDe Gruyterc2022 bcolor illustrationsa431p. aDocumentary photography- Asia central history aDocumentary PhotographyAsia Central History : Asia Central Relations : Asia Central Colonization History